000 00829nam a2200253Ia 4500
003 OSt
005 20220923222137.0
006 a|||||r|||| 00| 0
007 ta
008 220922b |||||||| |||| 00| 0 hin d
024 _a203,349
037 _cTextual
040 _aARTS
_cARTS
_bhin
041 _2hin
_ahin
082 _aO157,3N09,8, 152M3
100 _aआशापूर्णा, देवी
_9156263
245 0 _aपंछी उड़ा आकाश
246 _aPanchhī uड़ā ākāsha
260 _aदिल्ली
_b सरस्वती विहार
_c1983
300 _a176पृ.
_ccm.
650 _aबंगाली साहित्य
_9156264
942 _hO157,3N09,8, 152M3
_cTEXL
_2CC
999 _c354101
_d354101